Socio cultural and economic history of Assam (Record no. 9428)

MARC details
000 -LEADER
fixed length control field 00536cam a2200217ua 4500
001 - CONTROL NUMBER
control field 10451
005 - DATE AND TIME OF LATEST TRANSACTION
control field 20260515114626.0
008 - FIXED-LENGTH DATA ELEMENTS--GENERAL INFORMATION
fixed length control field 190222n ii |||gr||||Z||||||eng
020 ## - INTERNATIONAL STANDARD BOOK NUMBER
International Standard Book Number 9789384303631
040 ## - CATALOGING SOURCE
Transcribing agency MAIN
041 ## - LANGUAGE CODE
Language code of text/sound track or separate title eng
082 ## - DEWEY DECIMAL CLASSIFICATION NUMBER
Classification number 954.162
100 ## - MAIN ENTRY--PERSONAL NAME
Personal name Sanjay Sen,
Relator term Author.
245 ## - TITLE STATEMENT
Title Socio cultural and economic history of Assam
250 ## - EDITION STATEMENT
Edition statement 1st ed.
260 ## - PUBLICATION, DISTRIBUTION, ETC.
Place of publication, distribution, etc. Dibrugarh:
Name of publisher, distributor, etc. Mahaveer publications,
Date of publication, distribution, etc. 2016-17.
300 ## - PHYSICAL DESCRIPTION
Extent 665p.
653 ## - INDEX TERM--UNCONTROLLED
Uncontrolled term South Asia India
653 ## - INDEX TERM--UNCONTROLLED
Uncontrolled term History of Assam
942 ## - ADDED ENTRY ELEMENTS (KOHA)
Koha item type Books
Holdings
Withdrawn status Lost status Damaged status Not for loan Home library Current library Shelving location Date acquired Total checkouts Full call number Barcode Date last seen Date last checked out Copy number Price effective from Koha item type
        Naharkatiya College Library Naharkatiya College Library General stacks 09/19/2020 1 954.162History of Assam | SEN 24115 02/22/2024 02/09/2024 1 09/19/2020 Books